Contestaciones a los temas de Organización del Estado y de la Administración pública para ingreso en el Cuerpo General Administrativo de la Administración del Estado / (Record no. 67726)

MARC details
000 -LEADER
campo de control de longitud fija 00546nam a2200145 i 4500
001 - NÚMERO DE CONTROL
campo de control 67726
003 - IDENTIFICADOR DE NÚMERO DE CONTROL
campo de control ES-MaACL
007 - CAMPO FIJO DE DESCRIPCIÓN FÍSICA--INFORMACIÓN GENERAL
campo de control de longitud fija t|
008 - DATOS DE LONGITUD FIJA--INFORMACIÓN GENERAL
campo de control de longitud fija 040203s1983 sp ||||1| spa d
100 1# - ENTRADA PRINCIPAL--NOMBRE DE PERSONA
Nombre de persona Galván Dopazo, Manuel.
9 (RLIN) 53690
245 10 - MENCIÓN DEL TÍTULO
Título Contestaciones a los temas de Organización del Estado y de la Administración pública para ingreso en el Cuerpo General Administrativo de la Administración del Estado /
Mención de responsabilidad, etc. por Manuel Galván Dopazo.
260 ## - PUBLICACIÓN, DISTRIBUCIÓN, ETC.
Lugar de publicación, distribución, etc. [Madrid :
Nombre del editor, distribuidor, etc. s.n.,
Fecha de publicación, distribución, etc. 1983]
300 ## - DESCRIPCIÓN FÍSICA
Extensión 188 p. ;
Dimensiones 23 cm.
852 ## - LOCALIZACIÓN
Ubicación ES-MaACL
Número de control de estantería L-5479
Sublocalización o colección R.106088
Holdings
Estatus retirado Estado de pérdida Estado de daño No para préstamo Biblioteca de origen Biblioteca actual Ubicación en estantería Fecha de adquisición Fuente de adquisición Total de préstamos Signatura topográfica completa Código de barras Visto por última vez Precio de reemplazo Tipo de ítem Koha
        Biblioteca del Ateneo de Madrid Biblioteca del Ateneo de Madrid Depósito 2 17/01/2008     L-5479 1070909 23/02/2023 23/02/2023 Libro impreso